Bàn tay ánh sáng .Sách hướng dẫn chữa trị qua trường năng lượng con người /

Сохранить в:
Библиографические подробности
Главный автор: Bababara Ann Brennan
Другие авторы: Lê Trọng Bổng
Формат:
Язык:Vietnamese
Опубликовано: H. : Văn hoá Thông tin , 1988
Предметы:
Метки: Добавить метку
Нет меток, Требуется 1-ая метка записи!
Thư viện lưu trữ: Thư viện Trường CĐ Kỹ Thuật Cao Thắng
LEADER 00752nam a2200205 a 4500
001 TVCDKTCT2804
003 Thư viện trường Cao đẳng Kỹ thuật Cao Thắng
005 20050825000000
008 050825
980 \ \ |a Thư viện Trường CĐ Kỹ Thuật Cao Thắng 
024 |a RG_1 #1 eb0 i1 
041 0 # |a vie 
082 # # |a 613 
100 1 # |a Bababara Ann Brennan 
245 0 0 |a Bàn tay ánh sáng .Sách hướng dẫn chữa trị qua trường năng lượng con người /  |c Bababara Ann Brennan, Lê Trọng Bổng 
260 # # |a H. :  |b Văn hoá Thông tin ,  |c 1988 
300 # # |a 332tr. ;  |c 27cm 
650 # 4 |a Chữa bệnh 
650 # 4 |a Trường năng lượng 
700 0 # |a Lê Trọng Bổng